000 00323nam a2200133 i 4500
001 bg
100 1 _aJAROSZYŃSKI, Maurycy
245 0 _aPrawo pracowników naukowych /
_cMaurycy Jaroszyński.
260 _aWarszawa,
_c1967.
040 _cBPK
041 _apol
942 _cKS
008 s pl f |000 0 pol
999 _c16280
_d16280
856 _uhttp://koha.tu.koszalin.pl/cgi-bin/koha/opac-detail.pl?biblionumber=16280
_yKatalog online BPK